| 000 | 00390nam a22001577a 4500 | ||
|---|---|---|---|
| 999 |
_c4733 _d4733 |
||
| 008 | 200824b ||||| |||| 00| 0 eng d | ||
| 082 | 0 | 0 |
_a623.82 _bK321 |
| 100 |
_91932 _aKemp |
||
| 245 | 1 | 0 |
_aShip construction, sketches and notes _cby Kemp |
| 260 |
_aWhyteleafe _bKandy _c1962 |
||
| 300 | _a79 p. | ||
| 365 | _d5.20 | ||
| 650 | 0 | _aNaval Architecture | |
| 700 |
_91933 _aYoung |
||
| 942 | _cBK | ||